000
00286nam a2200133Ia 4500
008
090124s9999 xx 000 0 und d
082
_b
9428
_a
2244
245
_a
बंधन
250
_a
0
300
_a
219
630
_a
बंधन
730
_a
बंधन
942
_c
BOOK
999
_c
123477
_d
123477